Central Library OPAC University of Rajshahi

Planning and the rural environment / (Record no. 37049)

MARC details
000 -LEADER
fixed length control field 01042nam a2200301 a 4500
001 - CONTROL NUMBER
control field 37049
003 - CONTROL NUMBER IDENTIFIER
rucl marc code BD-RjUL
005 - DATE AND TIME OF LATEST TRANSACTION
control field 20211209052555.0
008 - FIXED-LENGTH DATA ELEMENTS--GENERAL INFORMATION
fixed length control field 141012s1977 enkaf b 001 0 eng
020 ## - INTERNATIONAL STANDARD BOOK NUMBER
International Standard Book Number 0080205275.
-- 0080205267
035 ## - SYSTEM CONTROL NUMBER
System control number (BD-RjUL)37151
040 ## - CATALOGING SOURCE
Original cataloging agency DLC
Transcribing agency DLC
Modifying agency DLC
-- BD-RjUL
Language of cataloging eng
041 ## - LANGUAGE CODE
Language code of text/sound track or separate title eng
082 00 - DEWEY DECIMAL CLASSIFICATION NUMBER
Classification number 309.2630941
Author mark and year DAP 1977
100 1# - MAIN ENTRY--PERSONAL NAME
Personal name Davidson, Joan.
9 (RLIN) 113263
245 10 - TITLE STATEMENT
Title Planning and the rural environment /
Statement of responsibility, etc. by Joan Davidson and Gerald Wibberley.
250 ## - EDITION STATEMENT
Edition statement 1st ed.
260 ## - PUBLICATION, DISTRIBUTION, ETC. (IMPRINT)
Place of publication, distribution, etc. Oxford ;
-- New York :
Name of publisher, distributor, etc. Pergamon Press,
Date of publication, distribution, etc. 1977.
300 ## - PHYSICAL DESCRIPTION
Pagination xii, 227 p., [9] leaves of plates :
Illustrations ill. (1 fold.) ;
Size 25 cm.
504 ## - BIBLIOGRAPHY, ETC. NOTE
Bibliography, etc Includes bibliographical references and index.
650 #0 - SUBJECT ADDED ENTRY--TOPICAL TERM
Topical term or geographic name as entry element Regional planning
Geographic subdivision Great Britain.
9 (RLIN) 113265
Topical term or geographic name as entry element Land use, Rural
Geographic subdivision Great Britain
General subdivision Planning.
9 (RLIN) 113266
700 1# - ADDED ENTRY--PERSONAL NAME
Personal name Wibberley, G. P.,
Relator term joint author.
942 ## - ADDED ENTRY ELEMENTS (KOHA)
Source of classification or shelving scheme Dewey Decimal Classification
Koha item type Books
Holdings
Lost status Source of classification or shelving scheme Damaged status Not for loan Collection code Permanent Location Current Location Shelving location Date acquired Source of acquisition Total Checkouts Full call number Date last seen Copy number Koha item type
  Dewey Decimal Classification   Not For Loan Non-fiction Institute of Biological Sciences (IBSc) Library Institute of Biological Sciences (IBSc) Library   12/10/2014 British council   309.2630941 DAP 1977 12/10/2014 C-1 Books